000
00263nam a2200109Ia 4500
008
190914s9999||||xx |||||||||||||| ||und||
100
_a
Nazeer Choadhary
245
0
_a
Namoor Shakhseaat Ki Aap Beetiyan
260
_a
Lahore
_b
Haq
_c
2000
300
_a
693
942
_c
BK
999
_c
8955
_d
8955